All Cities in Bhutan - Statistics

General Stats
  • This quiz has been taken 21 times
  • The average score is 8 of 27
Answer Stats
Answer Population % Correct
Thimphu 98,676
100%
Paro 2,169
67%
Punākha 21,500
67%
Trashigang 872
67%
Trashi Yangtse 3,025
50%
Ha 1,449
33%
Jakar 4,829
33%
Mongar 2,969
33%
Pemagatshel 13,864
33%
Trongsa 2,805
33%
Wangdue Phodrang 7,507
33%
Bhangtar 656
17%
Daga 2,243
17%
Daifam 662
17%
Daphu 1,666
17%
Gasa 548
17%
Lhuentse 100
17%
Nganglam 707
17%
Pajo 3,032
17%
Panbang 1,360
17%
Phuntsholing 17,043
17%
Samdrup Jongkhar 7,507
17%
Samtse 5,479
17%
Sarpang 10,416
17%
Shemgang 852
17%
Tsimasham 2,855
17%
Tsirang 18,667
17%
No matching quizzes found
Score Distribution
Percent of People with Each Score
Percentile by Number Answered
Your Score History
You have not taken this quiz